000 00285nam a2200121Ia 4500
008 151213s9999 xx 000 0 und d
245 _aGuinness world Records - 2003
260 _aNew Delhi
_bDK
_c2003
300 _a1515 p.
650 _aReference
650 _aReference
999 _c1176
_d1176